000 00343nam a2200133Ia 4500
008 190722s9999 xx 000 0 und d
020 _a978-81-224-3142-1
100 _aSubhadeep Bhattacharjee
245 0 _aSolar Electricity Generation
250 _a4th
260 _aNew Delhi
_bNew Age International
_c2012
300 _a730
942 _cBK
999 _c1055
_d1055